The twentieth-century Pentecostal explosion. (Record no. 9016)

000 -LEADER
fixed length control field 00733nam a2200193 a 4500
001 - CONTROL NUMBER
control field :::00006797$&:&@@
003 - CONTROL NUMBER IDENTIFIER
control field OkBaRHE
005 - DATE AND TIME OF LATEST TRANSACTION
control field 20000607103333.0
008 - FIXED-LENGTH DATA ELEMENTS--GENERAL INFORMATION
fixed length control field s1987 j 000 0 eng u
040 ## - CATALOGING SOURCE
Transcribing agency
100 1# - MAIN ENTRY--PERSONAL NAME
Personal name Synan, Vinson.
245 14 - TITLE STATEMENT
Title The twentieth-century Pentecostal explosion.
Statement of responsibility, etc The exciting growth of Pentecostal churches and charismatic renewal movements.
260 ## - PUBLICATION, DISTRIBUTION, ETC. (IMPRINT)
Place of publication, distribution, etc Altamonte Springs, FL., :
Name of publisher, distributor, etc Creation House
Date of publication, distribution, etc c1987
300 ## - PHYSICAL DESCRIPTION
Extent 235 p. ;
Dimensions 21 cm.
650 ## - SUBJECT ADDED ENTRY--TOPICAL TERM
Topical term or geographic name as entry element Church Renewal
942 ## - ADDED ENTRY ELEMENTS (KOHA)
Source of classification or shelving scheme
Koha item type Books
Copies
Koha item type Copy number Damaged status Full call number Price effective from Date last seen Lost status Shelving location Source of classification or shelving scheme Not for loan Date acquired Permanent Location Barcode Withdrawn status
Books1 BV 600 .S962010-04-142010-04-14 General Stacks  2010-04-14RHEMA Bible Training College6797 
Books2 BV 600 .S962010-04-142010-04-14 General Stacks  2010-04-14RHEMA Bible Training College15526